| 000 | 00453nam a2200145 a 4500 | ||
|---|---|---|---|
| 005 | 20140412111247.0 | ||
| 008 | 010404s19uu xx 00 eng d | ||
| 050 |
_aTR(GS 372.6 _bR381 1974 |
||
| 100 | _aRichardson, Jack E. | ||
| 245 |
_aSkills and patterns : _bto accompany-a risky trip / _cJack E. Richardson. |
||
| 260 |
_aBeverly Hills, CA : _bBenzinger bruce & Glencoe, Inc, _c1974. |
||
| 300 | _a64 p. ; ill. | ||
| 650 | _aReading | ||
| 999 |
_c102955 _d102955 |
||